|
|
|
|
| LEADER |
00000nam0a2200000 4500 |
| 001 |
62695 |
| 005 |
20231031063743.0 |
| 010 |
|
|
|a 5020326062
|
| 035 |
|
|
|a (RuTPU)RU\TPU\book\66506
|
| 090 |
|
|
|a 62695
|
| 100 |
|
|
|a 20040416d2003 k y0rusy50 ca
|
| 101 |
0 |
|
|a rus
|
| 102 |
|
|
|a RU
|
| 105 |
|
|
|a с z 011zy
|
| 200 |
1 |
|
|a Функциональные пространства, приближения, дифференциальные уравнения
|e Сборник статей
|f Российская Академия наук; Под ред. Е. Ф. Мищенко
|
| 210 |
|
|
|a Москва
|c Наука
|d 2003
|
| 215 |
|
|
|a 351 с.
|c портр.
|
| 225 |
1 |
|
|a Труды Математического института им. В. А. Стеклова
|v Т. 243
|
| 300 |
|
|
|a К 70-летию со дня рождения О. В. Бесова
|
| 320 |
|
|
|a Библиогр. в конце статей
|
| 610 |
1 |
|
|a функциональные пространства
|
| 610 |
1 |
|
|a дифференциальные уравнения
|
| 610 |
1 |
|
|a приближения
|
| 610 |
1 |
|
|a статьи
|
| 610 |
1 |
|
|a пространства Бесова
|
| 610 |
1 |
|
|a дифференцируемые функции
|
| 610 |
1 |
|
|a переменные
|
| 610 |
1 |
|
|a мультипликативные сети
|
| 610 |
1 |
|
|a гиперболические уравнения
|
| 610 |
1 |
|
|a пространства Никольского-Бесова
|
| 610 |
1 |
|
|a пространства Лизоркина-Трибеля
|
| 610 |
1 |
|
|a пространства Соболева
|
| 610 |
1 |
|
|a пространства Харди
|
| 610 |
1 |
|
|a операторы Римана-Лиувилля
|
| 675 |
|
|
|a 515.122
|v 3
|
| 675 |
|
|
|a 517.518.8
|v 3
|
| 675 |
|
|
|a 517.91
|v 3
|
| 702 |
|
1 |
|a Мищенко
|b Е. Ф.
|4 340
|
| 712 |
0 |
2 |
|a Российская Академия наук
|
| 801 |
|
1 |
|a RU
|b 63413507
|c 20040416
|g PSBO
|
| 801 |
|
2 |
|a RU
|b 63413507
|c 20040429
|g PSBO
|
| 942 |
|
|
|c BK
|